| 000 | 00502cam a22001457a 4500 | ||
|---|---|---|---|
| 008 | 180718b1989 xxu||||| |||| 00| 0 eng d | ||
| 082 | _aAPPPA 88-89 HAR | ||
| 100 | _aHarnal, Ashok | ||
| 245 |
_aStudy of judicial response to the acquisition of land under the land acquisition act, 1894 _cby Ashok Harnal |
||
| 260 |
_aNew Delhi _bIndian Institute of Public Administration _c1989 |
||
| 300 | _a165p. | ||
| 650 | _aLand acquisition act, 1894 | ||
| 650 | _aLand acquisition | ||
| 650 | _aJudicial response | ||
| 999 |
_c501510 _d501510 |
||